Pray with your eyes open : (Record no. 3146)

MARC details
000 -LEADER
fixed length control field 00769cam a2200241 a 4500
001 - CONTROL NUMBER
control field 4784970
003 - CONTROL NUMBER IDENTIFIER
control field GBCCL
005 - DATE AND TIME OF LATEST TRANSACTION
control field 20241126110448.0
008 - FIXED-LENGTH DATA ELEMENTS--GENERAL INFORMATION
fixed length control field 870409s1987 njua 000 0 eng
010 ## -
-- 87002762
020 ## - INTERNATIONAL STANDARD BOOK NUMBER
International Standard Book Number 0875523773
020 ## - INTERNATIONAL STANDARD BOOK NUMBER
International Standard Book Number 0875523781 (pbk.)
040 ## - CATALOGING SOURCE
Original cataloging agency DLC
Transcribing agency DLC
Modifying agency DLC
050 00 -
-- BV215
-- .P74 1987
082 00 - DEWEY DECIMAL CLASSIFICATION NUMBER
Classification number 248.32
Edition information 19
Item number PRA
100 1# - MAIN ENTRY--PERSONAL NAME
Personal name Pratt, Richard L.,
Dates associated with a name 1953-
9 (RLIN) 6498
245 10 - TITLE STATEMENT
Title Pray with your eyes open :
Remainder of title looking at God, ourselves, and our prayers /
Statement of responsibility, etc. Richard L. Pratt, Jr.
260 ## - PUBLICATION, DISTRIBUTION, ETC.
Place of publication, distribution, etc. Phillipsburg, N.J. :
Name of publisher, distributor, etc. Presbyterian and Reformed Pub. Co.,
Date of publication, distribution, etc. c1987.
300 ## - PHYSICAL DESCRIPTION
Extent ix, 193 p. :
Other physical details ill. ;
Dimensions 23 cm.
650 #0 - SUBJECT ADDED ENTRY--TOPICAL TERM
Topical term or geographic name entry element Prayer
General subdivision Christianity.
9 (RLIN) 227
906 ## - LOCAL DATA ELEMENT F, LDF (RLIN)
a 7
b cbc
c orignew
d 1
e ocip
f 19
g y-gencatlg
942 ## - ADDED ENTRY ELEMENTS (KOHA)
Source of classification or shelving scheme Dewey Decimal Classification
Koha item type Books
Holdings
Withdrawn status Lost status Source of classification or shelving scheme Damaged status Not for loan Home library Current Library Shelving location Date acquired Total checkouts Full call number Barcode Date last seen Copy number Price effective from Koha item type
    Dewey Decimal Classification     GRACE BIBLE COLLEGE GRACE BIBLE COLLEGE Ministry & Mission 2017-11-10   248.32 PRA 008148 2025-05-01 c.1 2017-11-10 Books
© Grace Bible College Library 2025